000 00459nam a2200109Ia 4500
008 220204s9999 xx 000 0 und d
082 _aNR:338.26
_bREP
245 0 _aReport of Panel of Experts: Constituted in pursuance of order of Hon'ble High Court of Delhi in WP (C) 8022/2010 & CM Nos 20698/2010 & 3150/2013 and WP (C) 8180/2010 & CM Nos 21071/2010 & 3148/2013. November 2018
260 _aIndia
_bMinistry of Commerce
_c2018
300 _a33p.
942 _cBK
999 _c44825
_d44825